| 000 | 00726nam a2200253 a 4500 | ||
|---|---|---|---|
| 001 | BRL_1363 | ||
| 005 | 20190320211152.0 | ||
| 008 | 090114s1975----nyuao#####---#000-0#eng-# | ||
| 020 | _a0684142309 | ||
| 041 | _aeng | ||
| 044 | _aenk | ||
| 050 | 4 |
_aTT770 _b.G67 1975 |
|
| 100 | 1 |
_aGostelow, Mary _926654 |
|
| 245 | 1 | 0 |
_aA world of embroidery _cMary Gostelow ; line drawings by the author and Janet Watson. |
| 260 |
_aNew York _bCharles Scribner´s Sons _c1975 |
||
| 300 |
_a512 p. _bil., fotografía _c26 cm. |
||
| 500 | _aAu1575 | ||
| 500 | _aIncluye índice | ||
| 504 | _aBibliografía: p. 451-463 | ||
| 650 | 1 | 4 |
_aBordado _xHistoria _913188 |
| 700 | 1 |
_aWatson, Janet _eil. _926655 |
|
| 902 | _aGRL | ||
| 942 |
_2lcc _cB |
||
| 999 |
_c10175 _d10175 |
||